[Event "Antioquia op"]
[Site "Antioquia"]
[Date "2020.03.08"]
[Round "9"]
[White "Arboleda Orozco, Juan M"]
[Black "Valle, Efrain"]
[Result "1-0"]
[WhiteElo "2036"]
[BlackElo "2072"]
[PlyCount "135"]
[EventDate "2020.03.03"]
[EventType "swiss"]
[EventRounds "9"]
[EventCountry "COL"]
[SourceTitle "CBM 195 Extra"]
[Source "ChessBase"]
[SourceDate "2020.05.31"]
[SourceVersion "1"]
[SourceVersionDate "2020.05.31"]
[SourceQuality "1"]

1. e4 Nf6 2. e5 Nd5 3. c4 Nb6 4. d4 d6 5. f4 dxe5 6. fxe5 Nc6 7. Be3 Bf5 8. Nf3 e6 9. a3 Be7 10. Be2 0-0 11. 0-0 f6 12. Nc3 Qd7 13. b4 Rad8 14. Qb3 Kh8 15. Rad1 Qe8 16. exf6 Bxf6 17. Kh1 Qg6 18. Rd2 Bg4 19. Rfd1 Ne7 20. Ne5 Bxe5 21. dxe5 Rxd2 22. Rxd2 Bxe2 23. Nxe2 Qe4 24. Bc5 Rf1+ 25. Ng1 Nxc4 26. Rd7 Ng8 27. Rxc7 b6 28. Qg3 Qxe5 29. Qxe5 Nxe5 30. Bd4 Nf7 31. Rxa7 b5 32. a4 e5 33. Bc5 bxa4 34. b5 Nd8 35. b6 Rb1 36. Rxa4 Ne6 37. Bb4 Nd8 38. h3 Nc6 39. Bc5 h6 40. Kh2 Rb5 41. Rc4 Nf6 42. Nf3 Nd5 43. Bg1 Nde7 44. Nd2 Kg8 45. Ne4 Rb4 46. Rxb4 Nxb4 47. b7 Nec6 48. Ba7 Na6 49. Nc5 Nab8 50. Bxb8 Nxb8 51. Nd3 e4 52. Nc5 e3 53. Kg3 Kf7 54. Kf3 Ke7 55. Kxe3 Kd6 56. Kd4 Nc6+ 57. Kc4 Na5+ 58. Kd4 Nc6+ 59. Kc4 Na5+ 60. Kb5 Nxb7 61. Nxb7+ Ke5 62. g3 Ke4 63. Nd6+ Kf3 64. Nf5 g6 65. g4 h5 66. Nh4+ Kg3 67. Nxg6 hxg4 68. h4 1-0

[Event "Antioquia op"]
[Site "Antioquia"]
[Date "2020.03.06"]
[Round "6"]
[White "Arboleda Orozco, Juan M"]
[Black "Sanchez, Sebastian Felipe"]
[Result "0-1"]
[WhiteElo "2036"]
[BlackElo "2422"]
[PlyCount "58"]
[EventDate "2020.03.03"]
[EventType "swiss"]
[EventRounds "9"]
[EventCountry "COL"]
[SourceTitle "CBM 195 Extra"]
[Source "ChessBase"]
[SourceDate "2020.05.31"]
[SourceVersion "1"]
[SourceVersionDate "2020.05.31"]
[SourceQuality "1"]

1. d4 Nf6 2. c4 e6 3. g3 d5 4. Nf3 dxc4 5. Bg2 a6 6. 0-0 Nc6 7. Na3 Bxa3 8. bxa3 0-0 9. Re1 Rb8 10. e4 b5 11. Bg5 h6 12. Bh4 Ne7 13. Bxf6 gxf6 14. Qd2 Kg7 15. h4 Bb7 16. Rad1 Qd6 17. Qe3 Rbd8 18. e5 fxe5 19. dxe5 Qxd1 20. Rxd1 Rxd1+ 21. Kh2 Nf5 22. Qf4 c3 23. Ng1 c2 24. Ne2 Bxg2 25. Kxg2 Rfd8 26. g4 Nxh4+ 27. Kh2 Ng6 28. Qf6+ Kg8 29. g5 hxg5 0-1

[Event "Medellin Castro Memorial 36th"]
[Site "Medellin"]
[Date "2019.08.07"]
[Round "1"]
[White "Arboleda Orozco, Juan M"]
[Black "Echavarria, Johann"]
[Result "0-1"]
[WhiteElo "2052"]
[BlackElo "2274"]
[PlyCount "60"]
[EventDate "2019.08.07"]
[EventType "swiss"]
[EventRounds "9"]
[EventCountry "COL"]
[SourceTitle "EXT 2020"]
[Source "ChessBase"]
[SourceDate "2019.10.17"]
[SourceVersion "1"]
[SourceVersionDate "2019.10.17"]
[SourceQuality "1"]

1. e4 c5 2. Nf3 Nc6 3. d4 cxd4 4. c3 Nf6 5. e5 Nd5 6. Bc4 Nb6 7. Bb3 d5 8. exd6 Qxd6 9. cxd4 Be6 10. Nc3 Bxb3 11. Qxb3 e6 12. 0-0 Be7 13. Nb5 Qd8 14. Bf4 Nd5 15. Be5 0-0 16. Nc3 Nxc3 17. bxc3 Na5 18. Qb1 Rc8 19. Qd3 Qd5 20. a4 Rfd8 21. Rfb1 a6 22. Bg3 Nc4 23. Nd2 Nxd2 24. Qxd2 Rc4 25. Qb2 Rd7 26. Qb3 Qc6 27. Be5 f6 28. d5 Rxd5 29. Qxb7 Rd1+ 30. Rxd1 Qxb7 0-1

[Event "Medellin Flores op 25th"]
[Site "Medellin"]
[Date "2018.08.06"]
[Round "7"]
[White "Arboleda Orozco, Juan M"]
[Black "Nino Penaloza, Cesar Gerardo"]
[Result "1-0"]
[WhiteElo "2087"]
[BlackElo "1932"]
[PlyCount "37"]
[EventDate "2018.08.03"]
[EventType "swiss"]
[EventRounds "9"]
[EventCountry "COL"]
[SourceTitle "CBM 185 Extra"]
[Source "ChessBase"]
[SourceDate "2018.07.29"]
[SourceVersion "1"]
[SourceVersionDate "2018.07.29"]
[SourceQuality "1"]

1. e4 c5 2. Nf3 d6 3. d4 cxd4 4. Nxd4 Nf6 5. Nc3 a6 6. Bc4 e6 7. Bb3 b5 8. 0-0 b4 9. Na4 Bb7 10. Bg5 Nbd7 11. f4 Qc7 12. e5 Nd5 13. f5 Nxe5 14. fxe6 f6 15. Nf5 Qc6 16. Bxd5 Qxd5 17. Qxd5 Bxd5 18. Nb6 Bxg2 19. Kxg2 1-0

[Event "Medellin Aristizabal Cup"]
[Site "Medellin"]
[Date "2018.07.08"]
[Round "6"]
[White "Ospina Castro, Santiago"]
[Black "Arboleda Orozco, Juan M"]
[Result "0-1"]
[WhiteElo "1842"]
[BlackElo "2077"]
[PlyCount "78"]
[EventDate "2018.07.04"]
[EventType "swiss"]
[EventRounds "7"]
[EventCountry "COL"]
[SourceTitle "CBM 185 Extra"]
[Source "ChessBase"]
[SourceDate "2018.07.29"]
[SourceVersion "1"]
[SourceVersionDate "2018.07.29"]
[SourceQuality "1"]

1. e4 g6 2. Nc3 Bg7 3. Bc4 d6 4. d3 Nf6 5. f4 c5 6. Nf3 Nc6 7. 0-0 0-0 8. Qe1 e6 9. Qh4 d5 10. Bb3 Nd4 11. e5 Nxf3+ 12. Rxf3 Nd7 13. Qxd8 Rxd8 14. Ne2 b5 15. c3 Bb7 16. Rf1 a5 17. Be3 Bf8 18. Rac1 c4 19. Bc2 Nc5 20. Bxc5 Bxc5+ 21. d4 Be7 22. Rb1 Bc6 23. a3 b4 24. axb4 axb4 25. Ra1 b3 26. Rxa8 Rxa8 27. Bb1 Kg7 28. g4 h6 29. Ng3 f6 30. exf6+ Bxf6 31. f5 gxf5 32. Nh5+ Kg6 33. Nxf6 Kxf6 34. gxf5 e5 35. dxe5+ Kxe5 36. Re1+ Kf4 37. Rf1+ Ke3 38. Re1+ Kd2 39. Kf2 Rf8 0-1

[Event "Medellin Aristizabal Cup"]
[Site "Medellin"]
[Date "2018.07.05"]
[Round "2"]
[White "Arboleda Orozco, Juan M"]
[Black "Bermudez, Edilson Enrique"]
[Result "1-0"]
[WhiteElo "2077"]
[BlackElo "1611"]
[PlyCount "47"]
[EventDate "2018.07.04"]
[EventType "swiss"]
[EventRounds "7"]
[EventCountry "COL"]
[SourceTitle "CBM 185 Extra"]
[Source "ChessBase"]
[SourceDate "2018.07.29"]
[SourceVersion "1"]
[SourceVersionDate "2018.07.29"]
[SourceQuality "1"]

1. e4 c5 2. Nf3 Nc6 3. d4 cxd4 4. Nxd4 g6 5. Be3 Bg7 6. Nc3 Nf6 7. Bc4 d6 8. f3 Bd7 9. Qd2 0-0 10. Bb3 Rc8 11. h4 Qa5 12. h5 Nxh5 13. g4 Nf6 14. 0-0-0 Ne5 15. Bh6 Rc4 16. Bxg7 Kxg7 17. Bxc4 Nxc4 18. Qh6+ Kg8 19. Nd5 Re8 20. Kb1 Bc6 21. Nf5 gxf5 22. Nxf6+ exf6 23. gxf5 Ne5 24. Rdg1+ 1-0

[Event "Guillermo Garcia Memorial op 27th"]
[Site "Santa Clara"]
[Date "2018.05.25"]
[Round "4"]
[White "Arboleda Orozco, Juan M"]
[Black "Rodriguez Dominguez, Melissa"]
[Result "1-0"]
[WhiteElo "1963"]
[BlackElo "2095"]
[PlyCount "59"]
[EventDate "2018.05.22"]
[EventType "swiss"]
[EventRounds "9"]
[EventCountry "CUB"]
[SourceTitle "CBM 184 Extra"]
[Source "ChessBase"]
[SourceDate "2018.06.28"]
[SourceVersion "1"]
[SourceVersionDate "2018.06.28"]
[SourceQuality "1"]

1. d4 d5 2. c4 c6 3. cxd5 cxd5 4. Nc3 e6 5. Bf4 a6 6. e3 Nc6 7. Bd3 Nf6 8. Nf3 Be7 9. 0-0 0-0 10. Ne5 Nd7 11. Qh5 f5 12. Qh3 Ndxe5 13. Bxe5 Nxe5 14. dxe5 g6 15. Rac1 d4 16. Ne2 dxe3 17. Qxe3 Bd7 18. Bc4 Kh8 19. Qb3 Bc6 20. Nf4 Qd2 21. Nxe6 Rfc8 22. Rfd1 Qa5 23. Qg3 Bd5 24. b4 Bxb4 25. Qh4 Bf8 26. Nxf8 Rxf8 27. Rxd5 Qa3 28. Rcd1 Qb4 29. Rd7 h5 30. Qg5 1-0

[Event "Guillermo Garcia Memorial op 27th"]
[Site "Santa Clara"]
[Date "2018.05.23"]
[Round "2"]
[White "Cazulo Ramirez, Jesus David"]
[Black "Arboleda Orozco, Juan M"]
[Result "1-0"]
[WhiteElo "2250"]
[BlackElo "1963"]
[PlyCount "41"]
[EventDate "2018.05.22"]
[EventType "swiss"]
[EventRounds "9"]
[EventCountry "CUB"]
[SourceTitle "CBM 184 Extra"]
[Source "ChessBase"]
[SourceDate "2018.06.28"]
[SourceVersion "1"]
[SourceVersionDate "2018.06.28"]
[SourceQuality "1"]

1. d4 Nf6 2. Bg5 c5 3. Bxf6 gxf6 4. d5 Qb6 5. Qc1 Bh6 6. e3 f5 7. c4 f4 8. exf4 Bxf4 9. Qxf4 Qxb2 10. Ne2 Qxa1 11. Nec3 Qb2 12. d6 Nc6 13. Bd3 Nb4 14. Be4 Nc2+ 15. Kd1 f5 16. Qe5 0-0 17. Bxc2 e6 18. g4 Rf7 19. gxf5 Rg7 20. f6 Rg6 21. Bxg6 1-0

[Event "COL-ch sf"]
[Site "Medellin"]
[Date "2018.03.16"]
[Round "4"]
[White "Arboleda Orozco, Juan M"]
[Black "Castrillon Gomez, Melissa"]
[Result "0-1"]
[WhiteElo "2104"]
[BlackElo "2233"]
[PlyCount "54"]
[EventDate "2018.03.14"]
[EventType "swiss"]
[EventRounds "10"]
[EventCountry "COL"]
[SourceTitle "CBM 183 Extra"]
[Source "ChessBase"]
[SourceDate "2018.04.19"]
[SourceVersion "1"]
[SourceVersionDate "2018.04.19"]
[SourceQuality "1"]

1. e4 c5 2. Nf3 Nc6 3. d4 cxd4 4. Nxd4 e5 5. Nb5 d6 6. N1c3 a6 7. Na3 Be7 8. Nc4 b5 9. Ne3 Nf6 10. g3 Be6 11. Bg2 h5 12. h3 Qd7 13. a4 b4 14. Ncd5 Rb8 15. c3 Bd8 16. Nc4 Bxd5 17. exd5 Na5 18. Qe2 bxc3 19. bxc3 Qc7 20. Nxd6+ Qxd6 21. Ba3 Qc7 22. 0-0 Nc4 23. d6 Qc8 24. f4 Nxa3 25. Qxe5+ Kf8 26. Rxa3 Nd7 27. Qf5 Qc5+ 0-1

[Event "COL-ch U20"]
[Site "Buenaventura"]
[Date "2018.03.03"]
[Round "6"]
[White "Arboleda Orozco, Juan M"]
[Black "Quintero Hurtado, Frank William"]
[Result "1-0"]
[WhiteElo "2104"]
[BlackElo "1641"]
[PlyCount "33"]
[EventDate "2018.02.28"]
[EventType "swiss"]
[EventRounds "6"]
[EventCountry "COL"]
[SourceTitle "EXT 2019"]
[Source "ChessBase"]
[SourceDate "2018.10.10"]
[SourceVersion "1"]
[SourceVersionDate "2018.10.10"]
[SourceQuality "1"]

1. e4 c6 2. Nf3 d5 3. Nc3 dxe4 4. Nxe4 Nd7 5. Bc4 Ngf6 6. Qe2 e6 7. d4 Nxe4 8. Qxe4 Nf6 9. Qh4 Be7 10. Qg3 c5 11. Be3 Bd7 12. Ne5 cxd4 13. Qxg7 Qa5+ 14. c3 Qxe5 15. Qxh8+ Bf8 16. cxd4 Qh5 17. Qxf6 1-0

[Event "COL-ch U20"]
[Site "Buenaventura"]
[Date "2018.03.02"]
[Round "5"]
[White "Lopez Gonzalez, Carlos Andres"]
[Black "Arboleda Orozco, Juan M"]
[Result "0-1"]
[WhiteElo "1771"]
[BlackElo "2104"]
[PlyCount "76"]
[EventDate "2018.02.28"]
[EventType "swiss"]
[EventRounds "6"]
[EventCountry "COL"]
[SourceTitle "EXT 2019"]
[Source "ChessBase"]
[SourceDate "2018.10.10"]
[SourceVersion "1"]
[SourceVersionDate "2018.10.10"]
[SourceQuality "1"]

1. e4 c5 2. Nf3 d6 3. d4 cxd4 4. Nxd4 Nf6 5. Nc3 g6 6. Be3 Bg7 7. f3 Nc6 8. Qd2 0-0 9. 0-0-0 Nxd4 10. Bxd4 Be6 11. Kb1 Qc7 12. h4 Rfc8 13. h5 Qa5 14. hxg6 hxg6 15. a3 Rab8 16. Bd3 b5 17. Qg5 Qc7 18. e5 dxe5 19. Bxe5 Qc5 20. f4 b4 21. Bxb8 Qb6 22. axb4 Rxb8 23. Qb5 Qc7 24. Qe5 Qxe5 25. fxe5 Ng4 26. Ne4 Rxb4 27. c3 Rb8 28. Ng5 Bb3 29. Rd2 Bxe5 30. Re2 Bf4 31. Ne4 Ne5 32. Nc5 Nxd3 33. Nxd3 Bd6 34. Ne5 Be6 35. Nc6 Rb6 36. Nd4 Bc4 37. Rf2 e5 38. Nc2 e4 0-1

[Event "Medellin Conconcreto op"]
[Site "Medellin"]
[Date "2018.01.28"]
[Round "7"]
[White "Arboleda Orozco, Juan M"]
[Black "Zapata Cuartas, Juan Carlos"]
[Result "1/2-1/2"]
[WhiteElo "2025"]
[BlackElo "2120"]
[PlyCount "59"]
[EventDate "2018.01.24"]
[EventType "swiss"]
[EventRounds "7"]
[EventCountry "COL"]
[SourceTitle "CBM 182 Extra"]
[Source "ChessBase"]
[SourceDate "2018.02.23"]
[SourceVersion "1"]
[SourceVersionDate "2018.02.23"]
[SourceQuality "1"]

1. d4 Nf6 2. c4 e6 3. Nf3 b6 4. g3 Bb7 5. Bg2 Be7 6. 0-0 0-0 7. Nc3 Ne4 8. Nxe4 Bxe4 9. b3 f5 10. Bb2 Bf6 11. Nd2 Bxg2 12. Kxg2 Nc6 13. Nf3 d6 14. a3 e5 15. dxe5 dxe5 16. Qd5+ Qxd5 17. cxd5 e4 18. Bxf6 exf3+ 19. Kxf3 Rxf6 20. dxc6 Rxc6 21. Rac1 Rxc1 22. Rxc1 c5 23. Rd1 Rf8 24. Kf4 g6 25. Ke5 Re8+ 26. Kf6 Rf8+ 27. Ke7 Rf7+ 28. Ke6 Kg7 29. f3 Rf6+ 30. Ke5 1/2-1/2

[Event "Medellin Conconcreto op"]
[Site "Medellin"]
[Date "2018.01.28"]
[Round "6"]
[White "Chirivi Castiblanco, Jenny Astrid"]
[Black "Arboleda Orozco, Juan M"]
[Result "0-1"]
[WhiteElo "2185"]
[BlackElo "2025"]
[PlyCount "76"]
[EventDate "2018.01.24"]
[EventType "swiss"]
[EventRounds "7"]
[EventCountry "COL"]
[SourceTitle "CBM 182 Extra"]
[Source "ChessBase"]
[SourceDate "2018.02.23"]
[SourceVersion "1"]
[SourceVersionDate "2018.02.23"]
[SourceQuality "1"]

1. d4 Nf6 2. c4 g6 3. Nc3 d5 4. cxd5 Nxd5 5. e4 Nxc3 6. bxc3 Bg7 7. Bc4 c5 8. Ne2 0-0 9. 0-0 Qc7 10. Bb3 Nc6 11. Be3 Rd8 12. Rc1 Na5 13. h3 b6 14. Bf4 Qd7 15. Bd5 Bb7 16. Bxb7 Qxb7 17. Qd3 b5 18. Qf3 Nc4 19. Rfd1 Qa6 20. dxc5 Qc6 21. Rd5 Rxd5 22. exd5 Qxc5 23. d6 Rd8 24. dxe7 Qxe7 25. Nd4 Qc5 26. Re1 h5 27. Nc6 Rd7 28. Re8+ Kh7 29. Nd4 Nb6 30. Be3 Qxc3 31. Nf5 Nd5 32. Nxg7 Nxe3 33. Rxe3 Qxg7 34. a3 Qd4 35. Kh2 a5 36. g3 Kg7 37. h4 Rd6 38. Re4 Rf6 0-1

[Event "Medellin Conconcreto op"]
[Site "Medellin"]
[Date "2018.01.27"]
[Round "5"]
[White "Arboleda Orozco, Juan M"]
[Black "Blandon, Luis Guillermo"]
[Result "1/2-1/2"]
[WhiteElo "2025"]
[BlackElo "2260"]
[PlyCount "89"]
[EventDate "2018.01.24"]
[EventType "swiss"]
[EventRounds "7"]
[EventCountry "COL"]
[SourceTitle "CBM 182 Extra"]
[Source "ChessBase"]
[SourceDate "2018.02.23"]
[SourceVersion "1"]
[SourceVersionDate "2018.02.23"]
[SourceQuality "1"]

1. d4 Nf6 2. c4 c5 3. d5 b5 4. cxb5 a6 5. bxa6 Bxa6 6. g3 g6 7. Bg2 d6 8. Nf3 Bg7 9. 0-0 0-0 10. Nc3 Nbd7 11. Re1 Nb6 12. Rb1 Bc4 13. e4 Bxa2 14. Nxa2 Rxa2 15. e5 Nfxd5 16. e6 f6 17. h4 Qe8 18. h5 Ra4 19. b3 Ra2 20. Bb2 f5 21. Bxg7 Kxg7 22. Qd3 Qc8 23. b4 Qa6 24. Qxa6 Rxa6 25. bxc5 dxc5 26. hxg6 hxg6 27. Ne5 Rc8 28. Nd7 Rc7 29. Rbd1 Nf6 30. Nb8 Ra4 31. Rb1 Nbd5 32. Rbd1 Rd4 33. Rxd4 cxd4 34. Rd1 Nc3 35. Rd3 Nfe4 36. Bf1 Rc4 37. Nd7 Rb4 38. Ne5 Nc5 39. Rd2 Nxe6 40. Nc6 Rb1 41. Nxe7 f4 42. gxf4 Nxf4 43. f3 d3 44. Kf2 Kf6 45. Nc6 1/2-1/2

[Event "Medellin Raza op 7th"]
[Site "Medellin"]
[Date "2017.10.21"]
[Round "6"]
[White "Arboleda Orozco, Juan M"]
[Black "Perdomo, Jefferson"]
[Result "0-1"]
[WhiteElo "1977"]
[BlackElo "1999"]
[PlyCount "72"]
[EventDate "2017.10.18"]
[EventType "swiss"]
[EventRounds "9"]
[EventCountry "COL"]
[SourceTitle "CBM 181 Extra"]
[Source "ChessBase"]
[SourceDate "2017.12.12"]
[SourceVersion "1"]
[SourceVersionDate "2017.12.12"]
[SourceQuality "1"]

1. e4 c5 2. Nf3 Nc6 3. d4 cxd4 4. Nxd4 Nf6 5. Nc3 g6 6. Nxc6 bxc6 7. e5 Ng8 8. Bc4 d5 9. exd6 Qxd6 10. Qf3 Nf6 11. 0-0 Bg4 12. Ne4 Bxf3 13. Nxd6+ exd6 14. gxf3 d5 15. Bg5 Bg7 16. Rfe1+ Kd7 17. Rad1 Rhe8 18. Bb3 Rxe1+ 19. Rxe1 Re8 20. Kf1 Rxe1+ 21. Kxe1 Nh5 22. c3 Be5 23. h4 Bf4 24. c4 f6 25. Bxf4 Nxf4 26. cxd5 cxd5 27. Kd2 Kd6 28. Ke3 Ke5 29. Bd1 Ng2+ 30. Kd3 Nxh4 31. f4+ Kxf4 32. Kd4 Nf3+ 33. Kxd5 h5 34. Be2 Nd2 35. Kd4 h4 36. Bb5 h3 0-1

[Event "Medellin Raza op 7th"]
[Site "Medellin"]
[Date "2017.10.21"]
[Round "7"]
[White "Ossa, Vladimir"]
[Black "Arboleda Orozco, Juan M"]
[Result "0-1"]
[WhiteElo "2007"]
[BlackElo "1977"]
[PlyCount "62"]
[EventDate "2017.10.18"]
[EventType "swiss"]
[EventRounds "9"]
[EventCountry "COL"]
[SourceTitle "CBM 181 Extra"]
[Source "ChessBase"]
[SourceDate "2017.12.12"]
[SourceVersion "1"]
[SourceVersionDate "2017.12.12"]
[SourceQuality "1"]

1. d3 Nf6 2. c3 g6 3. Qc2 Bg7 4. e4 d6 5. Nf3 0-0 6. h3 Nc6 7. Be2 e5 8. Be3 h6 9. g4 d5 10. g5 hxg5 11. Bxg5 b5 12. Nbd2 b4 13. 0-0-0 Rb8 14. c4 dxc4 15. Nxc4 b3 16. axb3 Nb4 17. Qd2 Be6 18. Nfxe5 Qc8 19. Qf4 Bxc4 20. Nxc4 Qa6 21. Kd2 Rfe8 22. Ra1 Qe6 23. Bg4 Nxg4 24. hxg4 Nxd3 25. Qh2 Qxe4 26. f3 Qd5 27. Qh7+ Kf8 28. Bh6 Nxb2+ 29. Kc1 Nd3+ 30. Kc2 Re2+ 31. Nd2 Qxb3# 0-1

[Event "Medellin Flores op 24th"]
[Site "Medellin"]
[Date "2017.08.06"]
[Round "7"]
[White "Arango, Andres Mauricio"]
[Black "Arboleda Orozco, Juan M"]
[Result "1-0"]
[WhiteElo "2068"]
[BlackElo "2015"]
[PlyCount "107"]
[EventDate "2017.08.03"]
[EventType "swiss"]
[EventRounds "9"]
[EventCountry "COL"]
[SourceTitle "CBM 179 Extra"]
[Source "ChessBase"]
[SourceDate "2017.08.23"]
[SourceVersion "1"]
[SourceVersionDate "2017.08.23"]
[SourceQuality "1"]

1. e4 c5 2. Nf3 Nc6 3. d4 cxd4 4. Nxd4 g6 5. Nc3 Bg7 6. Be3 Nf6 7. Bc4 0-0 8. Bb3 d6 9. f3 Bd7 10. Qd2 Qb8 11. h4 Ne5 12. h5 Rc8 13. hxg6 hxg6 14. Bh6 Bh8 15. Nf5 Bxf5 16. exf5 Qc7 17. fxg6 Nxg6 18. Qg5 d5 19. Bxd5 Nxd5 20. Nxd5 Qc5 21. c3 Be5 22. 0-0-0 Rd8 23. Ne3 Qc7 24. Kb1 Qb6 25. Nc4 Qe6 26. Nxe5 Qxe5 27. Qxe5 Nxe5 28. Kc2 f6 29. Bf4 Nc4 30. b3 Na3+ 31. Kb2 Nb5 32. a4 Nd6 33. Bxd6 Rxd6 34. Rxd6 exd6 35. Rd1 Rd8 36. Rd5 Kf7 37. c4 Ke6 38. g4 Rh8 39. Kc3 Rh3 40. Rf5 Rh1 41. Rf4 Re1 42. Kd2 Rf1 43. Re4+ Kd7 44. Re3 a5 45. Kd3 Kc6 46. Ke4 Rh1 47. Kf5 Rh6 48. f4 d5 49. Re6+ Kc5 50. cxd5 Kxd5 51. Rxf6 Rh3 52. Rb6 Rh7 53. g5 Rf7+ 54. Rf6 1-0

[Event "Medellin Flores op 24th"]
[Site "Medellin"]
[Date "2017.08.03"]
[Round "1"]
[White "Arboleda Orozco, Juan M"]
[Black "Hernandez, Cristian Andres"]
[Result "0-1"]
[WhiteElo "2015"]
[BlackElo "2252"]
[PlyCount "34"]
[EventDate "2017.08.03"]
[EventType "swiss"]
[EventRounds "9"]
[EventCountry "COL"]
[SourceTitle "CBM 179 Extra"]
[Source "ChessBase"]
[SourceDate "2017.08.23"]
[SourceVersion "1"]
[SourceVersionDate "2017.08.23"]
[SourceQuality "1"]

1. e4 c5 2. Nf3 d6 3. d4 Nf6 4. Nc3 cxd4 5. Nxd4 a6 6. Bc4 e5 7. Nf5 Bxf5 8. exf5 Qc8 9. Bd5 Nc6 10. 0-0 Qxf5 11. f4 Qd7 12. Re1 Nxd5 13. Qxd5 Be7 14. fxe5 dxe5 15. Be3 Bb4 16. Rad1 Qc7 17. Ne4 0-0 0-1

[Event "COL-chT"]
[Site "Ibague"]
[Date "2017.07.21"]
[Round "5.3"]
[White "Arboleda Orozco, Juan M"]
[Black "Ortiz, Jairo"]
[Result "1-0"]
[WhiteElo "1961"]
[BlackElo "1871"]
[PlyCount "75"]
[EventDate "2017.07.19"]
[EventType "team-swiss"]
[EventRounds "6"]
[EventCountry "COL"]
[SourceTitle "CBM 179 Extra"]
[Source "ChessBase"]
[SourceDate "2017.08.23"]
[SourceVersion "1"]
[SourceVersionDate "2017.08.23"]
[SourceQuality "1"]
[WhiteTeam "Antioquia Talentos"]
[BlackTeam "Cesar"]
[WhiteTeamCountry "COL"]
[BlackTeamCountry "COL"]

1. e4 c5 2. Nf3 e6 3. d4 cxd4 4. Nxd4 Nf6 5. Bd3 Nc6 6. Be3 Be7 7. 0-0 0-0 8. c3 d6 9. g4 h6 10. f4 e5 11. Nxc6 bxc6 12. f5 d5 13. Nd2 a5 14. Qf3 Rb8 15. b3 Bb7 16. Rad1 c5 17. c4 dxe4 18. Nxe4 Qc7 19. Nxf6+ Bxf6 20. Be4 Bxe4 21. Qxe4 a4 22. bxa4 Ra8 23. Rd5 Rxa4 24. Rxc5 Qb8 25. Rb1 Qd8 26. Rd5 Qc8 27. Bc5 Re8 28. a3 Be7 29. Rb5 Bxc5+ 30. Rbxc5 Qa8 31. Qe2 Rxa3 32. Rxe5 Ra1+ 33. Kf2 Rf8 34. Rcd5 f6 35. Re7 Ra2 36. Rd2 Ra3 37. Rdd7 Ra2 38. Rxg7+ 1-0

[Event "COL-chT"]
[Site "Ibague"]
[Date "2017.07.19"]
[Round "2.3"]
[White "Guayara Diaz, William Alonso"]
[Black "Arboleda Orozco, Juan M"]
[Result "1/2-1/2"]
[WhiteElo "1939"]
[BlackElo "1961"]
[PlyCount "85"]
[EventDate "2017.07.19"]
[EventType "team-swiss"]
[EventRounds "6"]
[EventCountry "COL"]
[SourceTitle "CBM 179 Extra"]
[Source "ChessBase"]
[SourceDate "2017.08.23"]
[SourceVersion "1"]
[SourceVersionDate "2017.08.23"]
[SourceQuality "1"]
[WhiteTeam "Narino"]
[BlackTeam "Antioquia Talentos"]
[WhiteTeamCountry "COL"]
[BlackTeamCountry "COL"]

1. d4 Nf6 2. Bf4 g6 3. e3 Bg7 4. Nf3 0-0 5. Be2 d6 6. h3 c5 7. c3 Qb6 8. Qb3 Be6 9. Qxb6 axb6 10. a3 Nc6 11. 0-0 Na5 12. Nbd2 Rfd8 13. Rfd1 Nb3 14. Nxb3 Bxb3 15. Rdc1 Nd7 16. Bb5 e5 17. Bh2 Bd5 18. Rd1 Bc6 19. Bxc6 bxc6 20. dxe5 Nxe5 21. Nxe5 dxe5 22. e4 c4 23. Kf1 Kf8 24. Ke2 Ke7 25. f3 Ke6 26. Bg1 c5 27. Be3 f5 28. Rac1 Bf6 29. Rc2 Rxd1 30. Kxd1 Rd8+ 31. Rd2 Rxd2+ 32. Kxd2 Be7 33. a4 Kd6 34. Kc2 Kc6 35. Bh6 Bf6 36. Bf8 Bh4 37. Bg7 Bg3 38. Bf6 h5 39. Bd8 Bf4 40. b3 b5 41. a5 Be3 42. Bf6 cxb3+ 43. Kxb3 1/2-1/2

[Event "Antioquia op-B"]
[Site "Medellin"]
[Date "2017.04.28"]
[Round "2"]
[White "Arboleda Orozco, Juan M"]
[Black "Gomez Rondon, Samuel"]
[Result "1-0"]
[WhiteElo "1914"]
[BlackElo "1506"]
[PlyCount "53"]
[EventDate "2017.04.27"]
[EventType "swiss"]
[EventRounds "7"]
[EventCountry "COL"]
[SourceTitle "EXT 2019"]
[Source "ChessBase"]
[SourceDate "2018.10.10"]
[SourceVersion "1"]
[SourceVersionDate "2018.10.10"]
[SourceQuality "1"]

1. e4 c5 2. Nf3 d6 3. d4 cxd4 4. c3 d3 5. Bxd3 Nc6 6. 0-0 Nf6 7. Bg5 Bg4 8. Nbd2 h6 9. Be3 Qa5 10. Qb3 Qc7 11. Nd4 a6 12. Nc4 b5 13. Nd2 e5 14. Nxc6 Qxc6 15. a4 Rb8 16. axb5 axb5 17. c4 b4 18. Ra4 Qb7 19. Rfa1 Bd7 20. Ra7 Qc8 21. c5 dxc5 22. Ba6 Qd8 23. Bc4 Qe7 24. Ra8 Rc8 25. Rxc8+ Bxc8 26. Ra8 Kd8 27. Ba6 1-0

[Event "Antioquia op-B"]
[Site "Medellin"]
[Date "2017.04.27"]
[Round "1"]
[White "Jurado, Yirlei Katherine"]
[Black "Arboleda Orozco, Juan M"]
[Result "1-0"]
[WhiteElo "1431"]
[BlackElo "1914"]
[PlyCount "49"]
[EventDate "2017.04.27"]
[EventType "swiss"]
[EventRounds "7"]
[EventCountry "COL"]
[SourceTitle "EXT 2019"]
[Source "ChessBase"]
[SourceDate "2018.10.10"]
[SourceVersion "1"]
[SourceVersionDate "2018.10.10"]
[SourceQuality "1"]

1. e4 c5 2. Nf3 d6 3. d4 cxd4 4. Qxd4 Nc6 5. Bb5 Bd7 6. Bxc6 bxc6 7. c4 e5 8. Qd3 f5 9. exf5 Nf6 10. Nc3 Be7 11. Bg5 0-0 12. Bxf6 Rxf6 13. Ne4 Rxf5 14. Nxd6 Rxf3 15. gxf3 Qa5+ 16. Ke2 Be6 17. Ne4 Rd8 18. Qc3 Bb4 19. Qc2 Rd4 20. b3 Qd8 21. Rad1 Bf5 22. Rxd4 exd4 23. c5 Bc3 24. Rd1 Kh8 25. Qxc3 1-0

[Event "COL-ch U18"]
[Site "Cali"]
[Date "2017.04.09"]
[Round "9"]
[White "Arboleda Orozco, Juan M"]
[Black "Llano Buritica, Eduardo Alejandro"]
[Result "0-1"]
[WhiteElo "1914"]
[BlackElo "1837"]
[PlyCount "36"]
[EventDate "2017.04.04"]
[EventType "tourn"]
[EventRounds "9"]
[EventCountry "COL"]
[SourceTitle "CBM 178 Extra"]
[Source "ChessBase"]
[SourceDate "2017.06.22"]
[SourceVersion "1"]
[SourceVersionDate "2017.06.22"]
[SourceQuality "1"]

1. e4 d5 2. exd5 Qxd5 3. Nc3 Qa5 4. Bc4 Nf6 5. d3 Bg4 6. f3 Bh5 7. Bd2 c6 8. Qe2 Nbd7 9. Nb5 Qb6 10. Nd6+ Kd8 11. Nxf7+ Bxf7 12. Bxf7 Qxb2 13. Qd1 e6 14. Ne2 Ke7 15. Rb1 Qxa2 16. Nc3 Qa6 17. Ne4 Nxe4 18. fxe4 Kxf7 0-1